| 000 | 00440nam a2200169Ia 4500 | ||
|---|---|---|---|
| 003 | GCL | ||
| 008 | 140319s9999 xx 000 0 ara d | ||
| 040 |
_aGCL / _cGCL |
||
| 082 | 0 | 4 |
_aد _b050 |
| 100 | 1 | _aالسيد فرج | |
| 245 | 1 | 0 |
_aالقيادة و الحرب عند العرب (اقرا 402) / _cالسيد فرج |
| 300 | _a227 | ||
| 490 |
_aاقرأ _v0 |
||
| 650 | 0 | 4 | _aالحرب |
| 650 | 0 | 4 | _aالقيادة |
| 942 |
_2ddc _cBK |
||
| 999 |
_c48552 _d48552 |
||